Hurganito: ejercicios para disléxicos
Na minha lista:
| Autor principal: | |
|---|---|
| Formato: | Livro |
| Idioma: | espanhol |
| Publicado em: |
Santiago
Universitaria
1976
|
| Assuntos: | |
| Tags: |
Adicionar Tag
Sem tags, seja o primeiro a adicionar uma tag!
|
MARC
| LEADER | 00000nam a2200000 a 4500 | ||
|---|---|---|---|
| 001 | UCY9884 | ||
| 003 | CL-VaPUC | ||
| 008 | 950724e19760000CL |||||||||||||||||spa|d | ||
| 082 | 0 | 4 | |a 371.914 |b CON |2 21 |
| 100 | 0 | |a Condemarín Grimberg, Mabel |e author |9 342434 | |
| 245 | 1 | 0 | |a Hurganito: ejercicios para disléxicos |
| 300 | |a 217 p | ||
| 942 | |c BK | ||
| 945 | |d 19950724 00:00:00 |a mfernand | ||
| 260 | |a Santiago |b Universitaria |c 1976 | ||
| 650 | 0 | |a Dislexia |9 307487 | |
| 650 | 0 | |a Educación especial |9 307486 | |
| 583 | |a last modification |c 19950724 00:00:00 |k Rodrigo Vera | ||
| 999 | |c 236887 |d 236885 | ||
| 952 | |0 0 |1 0 |4 0 |6 371_914000000000000_CON_1976 |7 0 |8 A |9 245260 |a BIBEDU |b BIBEDU |d 2019-11-18 |i 1538837 |o 371.914 CON 1976 |p 1538837 |r 2019-11-18 |w 2019-11-18 |y BK |k EDU | ||
| 952 | |0 0 |1 0 |4 0 |6 371_914000000000000_CON_1976 |7 0 |8 A |9 245261 |a BIBEDU |b BIBEDU |d 2019-11-18 |i 1538845 |o 371.914 CON 1976 |p 1538845 |r 2019-11-18 |w 2019-11-18 |y BK |k EDU | ||